000 02111aab a2200433 a 4500
003 AR-RoUNA
008 140529||||||||||||||||| |||| 0|||| d
040 _aAR-RoUNA
_bspa
041 _aspa
_aeng
044 _aag
080 _a72.036
245 1 3 _aOn Diseño /
_nNº 188
260 _aBarcelona :
_bOn Diseño,
_c1996
300 _a243.p. :
_bdib.
_bfot. col.
_bplantas
_c29x24 cm
505 0 _aIluminación artificial / Iluminación de hogar. Iluminación técnica. p. 74
505 0 _tMUESTRA DE ARQUITECTURA CONTEMPORÁNEA
505 0 _aSanabria Ramón. Artigues Ramón / Biblioteca rector Gabriel Ferraté. (Barcelona). p. 106
505 0 _aAMP arquitectos. Artengo Felipe. Menis Fernando Martín. Rodriguez Pastrana José María/ Edificio residencial Proa. (Santa Cruz Tenerife). p. 118
505 0 _aDe las Casas Manuel / 198 Viviendas en Alcobendas. (Madrid). p. 126
505 0 _aMartínez Arroyo Carmen Ayuntamiento, clínica y centro de reuniones en Madarcos. ( Madrid). p. 136
505 0 _aAvellaneda Jaume. Josep Lluis / Residencia de ancianos en Campdevanol (Girona). p. 146
505 0 _aGarcía de Paredes José María, García Pedrosa Ignacio . p. 156
505 0 _aBasilio Tobías/ Biblioteca de economía. (Zaragoza). p. 168
505 0 _aTerradas Esteban. Terradas Roberto /Acuario de Barcelona. p. 176
505 0 _aRavellat Pere Joan. Ribas Carme / 44 Viviendas en el Sector Oeste de Gava. (Barcelona). p. 186
505 0 _aVillanueva Alfredo. Alvarez - Ude Luis. Prats Fernando. Muelas Mario / 155 viviendas en La Rinconada. Alcalá de Henares (Madrid). p. 202
505 0 _tDISEÑO
505 0 _aCorazón Alberto / Máquinas amables, Maquinas inteligentes. p. 212
650 _aArquitectura contemporanea
_912621
653 _aExposiciones
653 _aPremios
700 1 _aLlopis, Carme
_edrt
_912622
773 _aOn Diseño
_dBarcelona, AramEdiciones S.A, 1996
_gNº188 ( 1997). p.215
_x0210-2080
908 _aImp
930 _c170
_e6916
942 _2udc
_cART
945 _aMBP
_d2019-02-20
980 _81
_gMaricel Allasia
_61
_aMaricel Allasia
999 _c12112
_d12112